00679nam a22001937a 450000500170000001000150001702000260003203500130005803700130007108200110008424501490009526000370024427000550028130000320033650000500036870000160041870000280043470000230046220130510162051.0 aENG-107027 a9788184050660c725.00 aEN-90560 bDBAD/PUB a339.53 aMoney and macrodynamics :cedited by Mark Lavoie, Louis- Philippe Rochon [and] Mario SeccarecciabAlfred Elchner and Post-Keynesian economics / aNew DelhibReference Pressc2011 a4831/24, Ansari Road, DaryaganjbNew Delhie110002 axiv, 197p.:bill.c22cm(Hb) aIncludes bibliographical references and index aLavoie,Marc aRochon, Louis- Philippe aSeccareccia, Mario